00723nam a22001697a 450000500170000001000150001702000260003203500130005803700130007108200150008410000310009924501390013025000060026926001160027527001080039130000540049920240104150306.0 aHIN-126650 a9789386365422c695.00 aHN-98995 bDBAD/PUB a358.400954 aएस.एन सिंह aआधूनिक भारत के निर्माता प. जवाहरलाल नेहरु/cएस कुमार a1 aनई दिल्लीbश्री साईं प्रिंटोग्राफर्सc2020, 2022  a102, 4787/23, अंसारी रोड, दरियागंजbनई दिल्लीe110002 a171 पृष्ठ;c23 cm (सजिल्द)